000 00544nmm a2200157Ia 4500
008 251105s9999||||xx |||||||||||||||||und||
020 _a9788436948646
041 _aspa
100 _aCampos Calvo-Sotelo, Pablo
245 0 _aEspaña - campus de excelencia internacional = Spain - campus of international excellence
264 _a[Madrid, España] :
_bMinisterio de Educación, Cultura y Deporte de España,
_c2010
300 _a354 páginas
650 _aEducation
856 _uhttps://public.digitaliapublishing.com/a/14749
942 _cCF
999 _c82234
_d82234